The use of aquatics in orthopedic and sports medicine rehabilitation and physical conditioning / (رقم التسجيلة. 79391)

تفاصيل مارك
000 -الفاتح
حقل البيانات ثابتة الطول 02057cam a2200361 i 4500
001 - رقم الضبط
رقم الضبط 843310625
003 - محدد رقم الضبط
رقم الضبط OCoLC
005 - وقت وتاريخ اخر تعامل مع التسجيلة
رقم الضبط 20210304180924.0
008 - عناصر البيانات ثابتة الطول - معلومات عامة
حقل البيانات ثابتة الطول 130513s2014 njua b 001 0 eng
010 ## - رقم ضبط مكتبة الكونجرس
رقم ضبط مكتبة الكونجرس 2013019399
020 ## - الرقم الدولى المعيارى للكتب
الرقم الدولى المعيارى للكتاب 9781556429514 (alk. paper)
020 ## - الرقم الدولى المعيارى للكتب
الرقم الدولى المعيارى للكتاب 1556429517 (alk. paper)
035 ## - رقم ضبط النظام
رقم ضبط النظام .b37049768
035 ## - رقم ضبط النظام
رقم ضبط النظام (OCoLC)843310625
040 ## - مصدر الفهرسة
وكالة الفهرسة الأصلية DNLM/DLC
قواعد الوصف rda
لغة الفهرسة eng
وكالة النسخ DLC
وكالة التعديل YDX
-- BTCTA
-- NLM
-- OCLCO
-- YDXCP
-- OCLCO
042 ## - رمز التحقق
رمز التحقق pcc
050 00 - رقم طلب مكتبة الكونجرس
رقم التصنيف RM813
رقم المادة .T44 2014
060 10 - رقم الطلب بالمكتبة الطبية الوطنية
رقم التصنيف WB 520
082 00 - رقم تصنيف ديوى العشرى
رقم التصنيف 615.853
رقم الطبعة 23
رقم المادة USA
245 04 - بيان العنوان
العنوان The use of aquatics in orthopedic and sports medicine rehabilitation and physical conditioning /
بيان المسئوليه,etc [edited by] Kevin E. Wilk, David M. Joyner
264 #1 - النشر, التوزيع, ETC. (IMPRINT)
مكان الناشر او الموزع Thorofare, NJ :
اسم الناشر او الموزع SLACK Incorporated,
تاريخ النشر أو التوزيع [2014]
300 ## - الوصف المادى
التعداد xii, 179 pages :
تفاصيل ماديه اخرى للوعاء illustrations ;
أبعاد الوعاء 29 cm
504 ## - تبصرة ببليوجرافية
تبصرة ببليوجرافية,الخ Includes bibliographical references and index
505 0# - تبصرة محتويات-الفهرس
تبصرة المحتويات المصاغة Aquatic therapy : history, theory, and applications / Bruce E. Becker -- Guidelines and indications for the use of aquatic therapy / Jessica Heath, and Lisa Pataky -- Pool selection, facility design, and engineering considerations -- David Joyner and Anson J. Flake -- Aquatic application for the lower extremity / Todd R. Hooks, Kevin E. Wilk, and Jason Palmer -- Aquatic application for the upper extremity / Leonard C. Macrina, A.J. Yenchak, Kevin E. Wilk, and Mike Reinold -- Aquatic rehabilitation for the spine / Timothy DiFrancesco and Lisa Pataky -- Chronic pain : fibromyalgia and other symptoms / Daniel Seidler -- Strength training and conditioning / Murphy Grant -- Sports-specific training / Murphy Grant -- Research evidence for the benefits of aquatic exercise / Stephen F. Crouse, and Dennis Dolny
650 #0 - المدخل الاضافى بالموضوع-مصطلح موضوعى
مصطلح موضوعي أو اسم جغرافي كعنصر مدخل Hydrotherapy
9 (RLIN) 88241
650 #0 - المدخل الاضافى بالموضوع-مصطلح موضوعى
مصطلح موضوعي أو اسم جغرافي كعنصر مدخل Aquatic exercises
التقسيم الفرعي العام Therapeutic use
9 (RLIN) 88242
650 12 - المدخل الاضافى بالموضوع-مصطلح موضوعى
مصطلح موضوعي أو اسم جغرافي كعنصر مدخل Hydrotherapy
التقسيم الفرعي العام methods
9 (RLIN) 88243
650 22 - المدخل الاضافى بالموضوع-مصطلح موضوعى
مصطلح موضوعي أو اسم جغرافي كعنصر مدخل Physical Fitness
9 (RLIN) 74921
650 22 - المدخل الاضافى بالموضوع-مصطلح موضوعى
مصطلح موضوعي أو اسم جغرافي كعنصر مدخل Rehabilitation
التقسيم الفرعي العام methods
9 (RLIN) 18519
700 1# - المدخل الاضافى - اسم شخصى
الإسم الشخصى Wilk, Kevin E.,
الدور editor
9 (RLIN) 38723
700 1# - المدخل الاضافى - اسم شخصى
الإسم الشخصى Joyner, David M.,
التواريخ المصاحبة للاسم 1950-
الدور editor
9 (RLIN) 88244
942 ## - عناصر المدخل الإضافي( كوها)
مصدر التصنيف او مخطط الترفيف Dewey Decimal Classification
Koha [default] item type كتاب
المقتنيات
حالة الفقد نموذج السعر الفعال حالة تلف ليس للاعارة رقم الطلب تاريخ الاكتساب الموقع الحالي الباركود الفرع الرئيسي Date last seen نوع المادة فى نظام كوها مصدر التصنيف او خطة الترفيف Total Checkouts
  2021-03-04     615.853 USA 2021-03-04 المكتبة المركزية بالمجمعة (CL) 00167079 المكتبة المركزية بالمجمعة (CL) 2021-03-04 كتاب Dewey Decimal Classification  
  2021-03-04     615.853 USA 2021-03-04 المكتبة المركزية بالمجمعة (CL) 00167080 المكتبة المركزية بالمجمعة (CL) 2021-03-04 كتاب Dewey Decimal Classification  
  2021-03-04     615.853 USA 2021-03-04 المكتبة المركزية بالمجمعة (CL) 00167081 المكتبة المركزية بالمجمعة (CL) 2021-03-04 كتاب Dewey Decimal Classification  
  2022-02-14     615.853 USA 2022-02-14 مكتبة كلية العلوم الطبية التطبيقية بالمجمعة - طالبات (AMF) 00168662 مكتبة كلية العلوم الطبية التطبيقية بالمجمعة - طالبات (AMF) 2022-02-14 كتاب Dewey Decimal Classification  
  2022-02-14     615.853 USA 2022-02-14 مكتبة كلية العلوم الطبية التطبيقية بالمجمعة - طالبات (AMF) 00168663 مكتبة كلية العلوم الطبية التطبيقية بالمجمعة - طالبات (AMF) 2022-02-14 كتاب Dewey Decimal Classification  
  2022-02-14     615.853 USA 2022-02-14 مكتبة مجمع الكليات بالزلفى - طلاب (SZM) 00168664 مكتبة مجمع الكليات بالزلفى - طلاب (SZM) 2022-02-14 كتاب Dewey Decimal Classification  
  2022-02-14     615.853 USA 2022-02-14 مكتبة مجمع الكليات بالزلفى - طلاب (SZM) 00168665 مكتبة مجمع الكليات بالزلفى - طلاب (SZM) 2022-02-14 كتاب Dewey Decimal Classification